Statistics for Top 50 Countries With The Highest IQ Scores

Click here to take the quiz!

General Stats

  • This quiz has been taken 137 times
  • The average score is 37 of 50

Answer Stats

IQCountry% Correct
106.4Japan
98%
104.1China
95%
98.6United Kingdom
95%
101.2Finland
94%
93.9Spain
94%
99.2Canada
93%
102.6South Korea
93%
96.6Sweden
93%
95.7United States
93%
101.0Germany
92%
96.2Russia
92%
97.0France
91%
97.4Norway
91%
99.5Australia
89%
94.0Italy
89%
100.9Netherlands
89%
98.0Denmark
88%
96.3Slovakia
87%
95.0Ireland
86%
97.4Belgium
85%
99.2Switzerland
85%
106.1Taiwan
85%
98.3Austria
84%
94.9Czech Republic
82%
98.2Iceland
82%
98.8New Zealand
82%
96.3Poland
81%
105.9Singapore
81%
99.0Slovenia
81%
95.7Croatia
79%
94.7Latvia
76%
99.8Luxembourg
76%
100.7Estonia
75%
97.8Lithuania
75%
99.3Hungary
74%
100.7Liechtenstein
70%
101.3Belarus
68%
92.7Israel
67%
98.9North Korea
65%
91.2Malta
64%
90.0Bulgaria
63%
95.5Andorra
61%
93.3Cyprus
60%
91.1Mongolia
47%
99.7Cambodia
25%
91.7Myanmar
25%
90.0Costa Rica
24%
92.4Barbados
15%
90.0Suriname
6%
93.9Vanuatu
5%

Score Distribution

Percentile by Number Answered

Percent of People with Each Score

Your Score History

You have not taken this quiz